banner-ar

ABSURDAS THEATER: STUCKE VON IONESCO, ARRABAL, TARDIEU, GHELDERODE, AUDIBERTI / (Record no. 13734)

MARC details
000 -الفاتح
حقل البيانات ثابتة الطول 00598nam a2200217Ia 4500
040 ## - مصدر الفهرسة
وكالة الفهرسة الأصلية GCL /
وكالة النسخ GCL
082 04 - رقم تصنيف ديوى العشرى
رقم التصنيف 832
رقم المادة I A
100 1# - المدخل الرئيسى - إسم شخصى
الإسم الشخصى AUDIBRTI, JACQUES
245 10 - بيان العنوان
العنوان ABSURDAS THEATER: STUCKE VON IONESCO, ARRABAL, TARDIEU, GHELDERODE, AUDIBERTI /
بيان المسئوليه,etc AUDIBRTI, JACQUES
700 1# - المدخل الاضافى - اسم شخصى
الإسم الشخصى IONESCO, EUGENE
700 1# - المدخل الاضافى - اسم شخصى
الإسم الشخصى ARRABAL, FERNANDO
700 1# - المدخل الاضافى - اسم شخصى
الإسم الشخصى IARDIEU, JEAN
700 1# - المدخل الاضافى - اسم شخصى
الإسم الشخصى GHELERODE, MICHEL DE
260 ## - PUBLICATION, DISTRIBUTION, ETC. (IMPRINT)
تاريخ النشر أو التوزيع 1972
300 ## - الوصف المادى
التعداد 285 P
650 04 - المدخل الاضافى بالموضوع-مصطلح موضوعى
مصطلح موضوعي LITERATURE
650 04 - المدخل الاضافى بالموضوع-مصطلح موضوعى
مصطلح موضوعي GERMAN THEATRE
650 04 - المدخل الاضافى بالموضوع-مصطلح موضوعى
مصطلح موضوعي GERMAN LITERATURE
942 ## - عناصر المدخل الإضافي( كوها)
مصدر التصنيف او مخطط الترفيف Dewey Decimal Classification
Koha [default] item type كتاب
260 ## - PUBLICATION, DISTRIBUTION, ETC. (IMPRINT)
-- [S.N] :
-- SON DERREIHE DTV ،
Holdings
حالة التراجع حالة الفقد حالة تلف ليس للاعارة المكان المؤقت الموقع الحالى تاريخ الاكتساب اجمالي اﻻعارات رقم الطلب الباركود تاريخ اخر مشاهدة تاريخ تفعيل السعر نوع وعاء كوها
        مكتبة القاهرة الكبرى مكتبة القاهرة الكبرى 03/26/2014   832\I A 26107 03/26/2014 03/26/2014 كتاب

Powered By

EGPV